Annual review of population law. (Record no. 3630)

MARC details
000 -LEADER
fixed length control field 03826cas a2200805 4500
001 - CONTROL NUMBER
control field 11201375
003 - CONTROL NUMBER IDENTIFIER
control field OSt
005 - DATE AND TIME OF LATEST TRANSACTION
control field 20230704100925.0
008 - FIXED-LENGTH DATA ELEMENTS--GENERAL INFORMATION
fixed length control field 761222d19741997nyuar 0 a0eng
010 ## - LIBRARY OF CONGRESS CONTROL NUMBER
LC control number 76645337
016 7# - NATIONAL BIBLIOGRAPHIC AGENCY CONTROL NUMBER
Record control number 8008840
Source DNLM
016 7# - NATIONAL BIBLIOGRAPHIC AGENCY CONTROL NUMBER
Record control number A54275000
Source DNLM
022 ## - INTERNATIONAL STANDARD SERIAL NUMBER
International Standard Serial Number 0364-3417
ISSN-L 0364-3417
Source 0
035 ## - SYSTEM CONTROL NUMBER
System control number (OCoLC)ocm02639777
040 ## - CATALOGING SOURCE
Original cataloging agency DLC
Language of cataloging eng
Transcribing agency DLC
Modifying agency OCL
-- DLC
-- OCL
-- NST
-- SER
-- NST
-- HUL
-- OCL
-- NST
-- SLU
-- SYS
-- HVL
-- NLM
-- OCL
-- HVL
-- NSD
-- UQ1
-- DLC
-- OCLCQ
-- BLBSF
-- BUF
-- OCLCO
-- OCLCF
-- OCLCQ
-- OCLCO
-- OCLCA
-- GILDS
-- OCLCA
-- AU@
-- OCLCO
-- OCLCA
-- IL4J6
-- OCLCO
-- OCLCQ
042 ## - AUTHENTICATION CODE
Authentication code pcc
-- nsdp
050 00 - LIBRARY OF CONGRESS CALL NUMBER
Classification number K2000.A53
Item number A5
060 00 - NATIONAL LIBRARY OF MEDICINE CALL NUMBER
Classification number WA 33.1
Item number A615
082 04 - DEWEY DECIMAL CLASSIFICATION NUMBER
Classification number 344.04/8
Item number UNFPA
222 #0 - KEY TITLE
Key title Annual review of population law
245 00 - TITLE STATEMENT
Title Annual review of population law.
260 ## - PUBLICATION, DISTRIBUTION, ETC. (IMPRINT)
Place of publication, distribution, etc. New York
Name of publisher, distributor, etc. United Nations Population Fund and Harvard Law School Library
300 ## - PHYSICAL DESCRIPTION
Extent 24 volumes
Dimensions 28 cm.
310 ## - CURRENT PUBLICATION FREQUENCY
Current publication frequency Annual
336 ## - CONTENT TYPE
Content type term text
Content type code txt
Source rdacontent
337 ## - MEDIA TYPE
Media type term unmediated
Media type code n
Source rdamedia
338 ## - CARRIER TYPE
Carrier type term volume
Carrier type code nc
Source rdacarrier
362 0# - DATES OF PUBLICATION AND/OR SEQUENTIAL DESIGNATION
Dates of publication and/or sequential designation 1974-1996/97.
490 1# - SERIES STATEMENT
Series statement 1974-75: Law and population monograph series
490 1# - SERIES STATEMENT
Series statement 1976: Law and population book series
500 ## - GENERAL NOTE
General note "International resolutions and agreements, constitutional provisions, legislation, regulations and judicial decisions, legal pronouncements."
515 ## - NUMBERING PECULIARITIES NOTE
Numbering peculiarities note Issues for <1981>-1996/97 called also v. <8>-23/24.
550 ## - ISSUING BODY NOTE
Issuing body note Vols. for 1974-76 issued by the International Advisory Committee on Population and Law; 1977-1982 by the United Nations Fund for Population Activities; 1983-1996/1997 by United Nations Population Fund and Harvard Law School Library.
590 ## - LOCAL NOTE (RLIN)
Local note SERBIB/SERLOC merged record
650 #0 - SUBJECT ADDED ENTRY--TOPICAL TERM
Topical term or geographic name as entry element Population
General subdivision Law and legislation
Form subdivision Periodicals.
650 #0 - SUBJECT ADDED ENTRY--TOPICAL TERM
Topical term or geographic name as entry element Birth control
General subdivision Law and legislation
Form subdivision Periodicals.
650 #2 - SUBJECT ADDED ENTRY--TOPICAL TERM
Topical term or geographic name as entry element Child Welfare
General subdivision legislation & jurisprudence.
650 #2 - SUBJECT ADDED ENTRY--TOPICAL TERM
Topical term or geographic name as entry element Contraception
General subdivision legislation & jurisprudence.
650 #2 - SUBJECT ADDED ENTRY--TOPICAL TERM
Topical term or geographic name as entry element Marriage
General subdivision legislation & jurisprudence.
650 #2 - SUBJECT ADDED ENTRY--TOPICAL TERM
Topical term or geographic name as entry element Maternal Welfare
General subdivision legislation & jurisprudence.
650 #2 - SUBJECT ADDED ENTRY--TOPICAL TERM
Topical term or geographic name as entry element Public Health
General subdivision legislation & jurisprudence.
650 #2 - SUBJECT ADDED ENTRY--TOPICAL TERM
Topical term or geographic name as entry element Social Welfare
General subdivision legislation & jurisprudence.
650 #7 - SUBJECT ADDED ENTRY--TOPICAL TERM
Topical term or geographic name as entry element Birth control
General subdivision Law and legislation.
Source of heading or term fast
Authority record control number (OCoLC)fst00833175
650 #7 - SUBJECT ADDED ENTRY--TOPICAL TERM
Topical term or geographic name as entry element Population
General subdivision Law and legislation.
Source of heading or term fast
Authority record control number (OCoLC)fst01071497
650 #7 - SUBJECT ADDED ENTRY--TOPICAL TERM
Topical term or geographic name as entry element Population
General subdivision Law and legislation
Form subdivision Periodicals.
Source of heading or term nli
650 #7 - SUBJECT ADDED ENTRY--TOPICAL TERM
Topical term or geographic name as entry element Birth control
General subdivision Law and legislation
Form subdivision Periodicals.
Source of heading or term nli
650 #7 - SUBJECT ADDED ENTRY--TOPICAL TERM
Topical term or geographic name as entry element Droit de la famille.
Source of heading or term rasuqam
650 #7 - SUBJECT ADDED ENTRY--TOPICAL TERM
Topical term or geographic name as entry element Droit social.
Source of heading or term rasuqam
650 #7 - SUBJECT ADDED ENTRY--TOPICAL TERM
Topical term or geographic name as entry element Politique démographique.
Source of heading or term rasuqam
650 17 - SUBJECT ADDED ENTRY--TOPICAL TERM
Topical term or geographic name as entry element Population mondiale.
Source of heading or term rasuqam
650 #7 - SUBJECT ADDED ENTRY--TOPICAL TERM
Topical term or geographic name as entry element Régulation des naissances.
Source of heading or term rasuqam
655 #2 - INDEX TERM--GENRE/FORM
Genre/form data or focus term Periodical.
655 #7 - INDEX TERM--GENRE/FORM
Genre/form data or focus term Periodicals.
Source of term fast
Authority record control number (OCoLC)fst01411641
655 #7 - INDEX TERM--GENRE/FORM
Genre/form data or focus term Periodicals.
Source of term lcgft
655 #7 - INDEX TERM--GENRE/FORM
Genre/form data or focus term Périodique électronique (Descripteur de forme)
Source of term rasuqam
655 #7 - INDEX TERM--GENRE/FORM
Genre/form data or focus term Ressource Internet (Descripteur de forme)
Source of term rasuqam
710 2# - ADDED ENTRY--CORPORATE NAME
Corporate name or jurisdiction name as entry element United Nations Fund for Population Activities.
710 2# - ADDED ENTRY--CORPORATE NAME
Corporate name or jurisdiction name as entry element International Advisory Committee on Population and Law.
710 2# - ADDED ENTRY--CORPORATE NAME
Corporate name or jurisdiction name as entry element United Nations Population Fund.
710 2# - ADDED ENTRY--CORPORATE NAME
Corporate name or jurisdiction name as entry element Harvard Law School.
Subordinate unit Library.
776 08 - ADDITIONAL PHYSICAL FORM ENTRY
Relationship information Online version:
Title Annual review of population law (Online)
Record control number (DLC) 2012250641
-- (OCoLC)51670770
787 0# - OTHER RELATIONSHIP ENTRY
Title Annual review of population law.
Place, publisher, and date of publication [Boston, MA : Harvard Law School], [1984-]
Record control number (DLC) 2012243288
-- (OCoLC)46513551
830 #0 - SERIES ADDED ENTRY--UNIFORM TITLE
Uniform title Law and population monograph series ;
Volume number/sequential designation no. 30, 39.
830 #0 - SERIES ADDED ENTRY--UNIFORM TITLE
Uniform title Law and population book series ;
Volume number/sequential designation no. 20.
906 ## - LOCAL DATA ELEMENT F, LDF (RLIN)
a 7
b cbc
c serials
d 4
e ncip
f 19
g n-oclcserc
942 ## - ADDED ENTRY ELEMENTS (KOHA)
Source of classification or shelving scheme Dewey Decimal Classification
Koha item type Books
Holdings
Withdrawn status Lost status Source of classification or shelving scheme Damaged status Not for loan Home library Current library Date acquired Total Checkouts Full call number Barcode Date last seen Price effective from Koha item type
    Dewey Decimal Classification     County Hall Archives County Hall Archives 07/04/2023   344.04/8 UNFPA 10011395 07/04/2023 07/04/2023 Books
LIBRARY OPENING HOURS

When the Parliament is sitting: 8.00a.m - 7.00p.m or until the house adjourns
Mondays and Fridays and when the House is on Recess:  8.00a.m - 5.00p.m
Closed on Weekends and Public Holidays

Online Public Access Catalog (OPAC)
Website: http://www.parliament.go.ke
Bunge Library: https://libraryir.parliament.go.ke
Contact: library@parliament.go.ke | Tel no: (254-2)2221291 or 2848000 Ext 5043